LEADER 01398nam a2200313 u 4500 001 000000015030 003 CaOOAMICUS 005 20070226105831.0 008 940713s1956 fr u000 u fre u 035 $a10353304 040 $aPUL(R)$bita 100 1 $aColson, Jean.$0(OLS)http://pul/name/11139 245 14$aLes fonctions ecclésiales aux deux premiers siècles /$cJean Colson. 260 $aParis :$bDesclée De Brouwer,$cc1956. 300 $a374 p. ;$c21 cm 490 1 $aTextes et études théologiques 500 $aContiene indice. 504 $aBibliografia in nota. 650 4$aChiesa.$0(OLS)http://pul/subject/2116 830 0$aTextes et études théologiques.$0(OLS)http://pul/title/10176 850 $aPUL 852 $aPUL$W1$xDP2 Religione 1$y63$m72 D 31$j21075$nBK-PRI$qStampati$B21075$CPULBib$Z2$F21075 $H24941 $82 852 $aPUL$W1$xDP1 Fondo Pastorale$y55$mP2 D 24$j21076$nBK-PRI$b $qFondi$B21076$CPULBib$Z2$F21076 $H $81 852 $aPUL$W1$xDP1 Fondo Bordoni$y120$m3 M 81$j168092$qFondi$B176662$CPULBib$Z2$F176662 $HBor1082 $81 941 1 $a8 941 1 $a1 961 $aINV: 24941 996 $6245$aLes fonctions ecclésiales aux deux premiers siècles$9(OLS)http://pul/title/21571 996 $6260$aParis :$bDesclée De Brouwer$9(OLS)http://pul/publisher/48280 LEADER 01366nam a2200313 u 4500 001 000000053795 003 CaOOAMICUS 005 20070226115612.0 008 001122s1924 it c u000 u ita u 035 $a10862042 040 $aPUL(R)$bita 100 1 $aRosmini Serbati, Antonio,$cI.D.C.,$d1797-1855.$0(OLS)http://pul/name/586 245 10$aSistema filosofico /$cAntonio Rosmini ; con introduzione, sommario, note, referenze alle opere dell'autore a cura di Carlo Caviglione. 260 $aTorino :$bParavia,$c1924. 300 $axxxi, 139 p., [1] c. di tav. :$britr. ;$c20 cm 490 1 $aPiccola biblioteca di filosofia e pedagogia 504 $aBibliografia in nota. 650 4$aFilosofia teoretica.$0(OLS)http://pul/subject/3060 700 1 $aCaviglione, Carlo.$0(OLS)http://pul/name/37416 830 0$aPiccola biblioteca di filosofia e pedagogia.$0(OLS)http://pul/title/68545 850 $aPUL 852 $aPUL$W1$xDP1 Fondo Giannini$y60$m1556 C 36$j70912$nBK-PRI$b $qFondi$B70912$CPULBib$Z2$F70912 $81 852 $aPUL$W1$xDP2 Filosofia 1$y62$m92 A 2$j70913$nBK-PRI$b $qStampati$B70913$CPULBib$Z2$F70913 $81 941 1 $a1 941 1 $a8 961 $aINV: F. Giannini 961 $aINV: 26958 996 $6245$aSistema filosofico$9(OLS)http://pul/title/72145 996 $6260$aTorino :$bParavia$9(OLS)http://pul/publisher/52077